Aki elsö, az is marad? Innováció és profit.

Miesto produktu v systéme nástrojov marketingu. Rozdelenie zisku z inovácie medzi kupujúcich, prepravcov, inovátorov a nasledovníkov. Hlavné faktory delenia zisku (právna ochrana výrobku, patenty, distribučné kanály...). Vzťahy medzi výrobkom a doplnkovými službami. Proces rozhodovania vo vnútri pod...

Description complète

Enregistré dans:
Détails bibliographiques
Auteur principal: Józsa, L.
Format: Chapitre de livre
Langue:hongrois
Sujets:
Tags: Ajouter un tag
Pas de tags, Soyez le premier à ajouter un tag!

MARC

LEADER 00000naa a2200000 4500
001 r012172
005 20221125113437.6
041 0 |a hun 
044 |a HU 
245 1 0 |a Aki elsö, az is marad?  |b Innováció és profit.  |c L. Józsa 
520 |a Miesto produktu v systéme nástrojov marketingu. Rozdelenie zisku z inovácie medzi kupujúcich, prepravcov, inovátorov a nasledovníkov. Hlavné faktory delenia zisku (právna ochrana výrobku, patenty, distribučné kanály...). Vzťahy medzi výrobkom a doplnkovými službami. Proces rozhodovania vo vnútri podniku pri prizvaní vonkajšieho partnera. 
610 2 0 |a inovácia 
610 2 0 |a zisk 
610 2 0 |a rozdeľovanie zisku 
610 2 0 |a marketing 
610 2 0 |a výrobky 
610 2 0 |a ochrana právna 
610 2 0 |a patenty 
610 2 0 |a distribúcia 
100 1 |a Józsa, L.